Loading...

Advanced environmental biotechnology

Bibliographic Details
Main Author: Agarwal, S K; Author
Format: Printed Book
Published: New Delhi, A P H Publishing Corporation 2005
Subjects:
LEADER 008070000a22002410004500
020 |a 81-7648-937-9 
082 |a 628.5 P5 
100 |a Agarwal, S K; Author 
245 |a Advanced environmental biotechnology 
250
260 |a New Delhi, A P H Publishing Corporation 
260 |c 2005 
460 |a ix,428p 
465 |a Rs.200.00 
500 |a Includes bibliographical references and index 
500 |a S K Agarwal 
650 |a Bioremediation 
650 |a Biotechnology 
650 |a Environmental biotechnology 
650 |a Environmental pollution control applications of biotechnology 
942 |c BK 
999 |c 35729  |d 35729 
952 |0 0  |1 0  |4 0  |6 628_500000000000000_P5  |7 0  |8 ENG  |9 36172  |a MGUL  |b MGUL  |d 2013-07-16  |e Rs.200.00  |l 9  |m 8  |o 628.5 P5  |p 35891  |q 2020-11-27  |r 2020-10-08  |s 2020-10-08  |w 2013-07-16  |y BK